Terreno (Registo nº 74683)

Detalhes MARC
000 -Etiqueta do registo
campo de controlo de comprimento fixo 00528 a2200205 4500
001 - Identificador do registo
Campo de controlo 74683
005 - Identificador da versão
Campo de controlo 20260427160732.0
010 ## - ISBN
Número (ISBN) 978-989-671-969-2
100 ## - Dados Gerais de Proc.
Dados gerais de processamento 20250805 pory50
101 ## - Língua da publicação
Língua do texto, banda sonora, etc. Português
102 ## - País de Publicação
País de publicação Portugal
200 ## - Título
Título próprio Terreno
Primeira menção de responsabilidade Duarte Scott
Outras menções de responsabilidade coord. Pedro Mexia
210 ## - Publicação, Distribuição
Lugar da edição, distribuição, etc. Lisboa
Nome do editor, distribuidor, etc. Tinta da China
Data da publicação, distribuição, etc. 2025
215 ## - Descrição física
Descrição física 91, [5] p.
675 ## - CDU
Notação 821.134.3-1"20"
Edição BN
Língua da edição Português
700 #1 - Responsabilidade principal
Palavra de ordem Scott
Outra parte do nome Duarte
Koha Internal Code 54084
702 ## - Responsabilidade secundária
Palavra de ordem Mexia
Outra parte do nome Pedro
Datas 1972-
Código de função Coordenador/Editor
Koha Internal Code 31730
801 ## - Fonte de origem
País Portugal
Agência BN
Regras de catalogação RPC
090 ## - Números de controlo do sistema (Koha)
Número biblioitem do Koha (gerado automaticamente) 74683
942 ## - Elementos de entrada adicionados (Koha)
Tipo de item no Koha Monografias
Suprimido Disponível no OPAC
Exemplares
Removido (estado) Perdido (estado) Data de aquisição Origem do registo (biblioteca) (codificado) Código da organização que empresta ou é detentora (biblioteca) Código de barras Local Número de inventário Cota Tipo de circulação (não pode ser emprestado) Preço Tipo de item e material
Disponível Disponível 2026-02-03 Biblioteca Municipal Álvaro de Campos Biblioteca Municipal Álvaro de Campos BMTAV73038 Sala de Adultos 73038 R9 SCO Normal 14.90 Monografias